| 000 | 00472cam a2200181ua 4500 | ||
|---|---|---|---|
| 020 | _c$ 5.95 | ||
| 041 |
_aeng _h |
||
| 082 |
_a372.4 _bSMI/RE |
||
| 100 | _aSmith, Nila Banton . | ||
| 245 |
_aRead faster and get more from your reading / _cNila Banton Smith. _hTextual Documents |
||
| 260 |
_aNew Jersey : _bPrentice Hall Inc , _c1961. |
||
| 300 | _a393 ; . | ||
| 365 | _a$ 5.95 | ||
| 500 | _a**Reference | ||
| 504 | _a | ||
| 942 | _cBK | ||
| 999 |
_c7931 _d7931 |
||